Vũ Trọng Phụng toàn tập

שמור ב:
מידע ביבליוגרפי
מחבר ראשי: Vũ Trọng Phụng
פורמט: ספר
תגים: הוספת תג
אין תגיות, היה/י הראשונ/ה לתייג את הרשומה!
Thư viện lưu trữ: Mạng thư viện Đại học Đà Nẵng
LEADER 00914nam a2200253 4500
001 000005629
003 1775
005 20150812140856.0
008 110818s sd
100 0 |a Vũ Trọng Phụng 
245 0 0 |a Vũ Trọng Phụng toàn tập  |c Vũ Trọng Phụng 
774 |a Vũ Trọng Phụng  |d Văn học  |d H.  |d 2004  |g Tập 2  |h 562 tr  |w 1777 
774 |a Vũ Trọng Phụng  |d Văn học  |d H.  |d 2004  |g Tập 3  |h 586 tr  |w 1778 
774 |a Vũ Trọng Phụng  |d Văn học  |d H.  |d 2004  |g Tập 4  |h 502 tr  |w 1779 
774 |a Vũ Trọng Phụng  |d Văn học  |d H.  |d 2004  |g Tập 5  |h 638 tr  |w 1780 
774 |a Vũ Trọng Phụng  |d Văn học  |d H.  |d 2004  |g Tập 1  |h 657 tr.  |o KM.004494  |w 2162 
OWN |a LSP 
999 |a From the UDN01 
TYP |a Monograph 
TYP |a Printed language 
980 |a Mạng thư viện Đại học Đà Nẵng